| 000 | 00546nam a22001457a 4500 | ||
|---|---|---|---|
| 003 | MACL | ||
| 005 | 20190330171228.0 | ||
| 008 | 190330b xxu||||| |||| 00| 0 eng d | ||
| 040 | _cMACL | ||
| 100 |
_aमंडल,सुनीता _974045 |
||
| 245 | _aसुभद्रा कुमारी चौहान का कथा साहितय समग्र विश्लेषण | ||
| 260 |
_aकोलकाता _bआनंद प्रकाशन _c2017 |
||
| 650 |
_aकथा साहित्य _9191 |
||
| 942 |
_2ddc _cHIN |
||
| 999 |
_c59192 _d59192 |
||